Мощный лазер на смеси N2+Ar; Письма в Журнал технической физики; Т. 2, вып. 22

Dades bibliogràfiques
Parent link:Письма в Журнал технической физики/ Российская академия наук (РАН), Физико-технический институт им. А. Ф. Иоффе (ФТИ) ; Отделение общей физики и астрономии РАН.— , 1975-
Т. 2, вып. 22.— 1976.— С. 1052-1055
Altres autors: Бычков Ю. И., Загулов Ф. Я., Карлов Н. В. Николай Васильевич, Ковшаров Н. Ф., Лосев В. Ф. Валерий Федорович, Месяц Г. А. Геннадий Андреевич, Прохоров А. М. Александр Михайлович, Тарасенко В. Ф. Виктор Федотович
Idioma:rus
Publicat: 1976
Matèries:
Format: MixedMaterials Capítol de llibre
KOHA link:https://koha.lib.tpu.ru/cgi-bin/koha/opac-detail.pl?biblionumber=450769

MARC

LEADER 00000naa2a2200000 4500
001 450769
005 20231102015000.0
035 |a (RuTPU)RU\TPU\prd\112962 
090 |a 450769 
100 |a 20110616a1976 k y0rusy50 ca 
101 0 |a rus 
102 |a RU 
200 1 |a Мощный лазер на смеси N2+Ar  |f Ю. И. Бычков [и др.] 
320 |a Библиогр.: с. 1055 (6 назв.) 
461 0 |0 (RuTPU)RU\TPU\prd\486  |t Письма в Журнал технической физики  |f Российская академия наук (РАН), Физико-технический институт им. А. Ф. Иоффе (ФТИ) ; Отделение общей физики и астрономии РАН  |d 1975- 
463 0 |0 (RuTPU)RU\TPU\prd\101951  |t Т. 2, вып. 22  |v С. 1052-1055  |d 1976 
610 1 |a труды учёных ТПУ 
701 1 |a Бычков  |b Ю. И. 
701 1 |a Загулов  |b Ф. Я. 
701 1 |a Карлов  |b Н. В.  |c российский физик, член-корреспондент РАН  |c ректор МФТИ (1987-2000 гг.)  |f 1929-  |g Николай Васильевич  |2 stltpush  |3 (RuTPU)RU\TPU\pers\17156  |4 070  |9 6295 
701 1 |a Ковшаров  |b Н. Ф. 
701 1 |a Лосев  |b В. Ф.  |c специалист в области автоматики и электроники  |c профессор Томского политехнического университета, доктор физико-математических наук  |f 1950-  |g Валерий Федорович  |2 stltpush  |3 (RuTPU)RU\TPU\pers\29388 
701 1 |a Месяц  |b Г. А.  |c российский физик  |c академик, вице-президент РАН  |c выпускник Томского политехнического института  |f 1936-  |g Геннадий Андреевич  |2 stltpush  |3 (RuTPU)RU\TPU\pers\17099  |4 070 
701 1 |a Прохоров  |b А. М.  |c российский физик  |c академик РАН  |f 1916-2001  |g Александр Михайлович  |2 stltpush  |3 (RuTPU)RU\TPU\pers\4396  |4 070  |9 994 
701 1 |a Тарасенко  |b В. Ф.  |c российский физик  |c профессор Томского политехнического университета, дотор физико-математических наук  |f 1946-  |g Виктор Федотович  |2 stltpush  |3 (RuTPU)RU\TPU\pers\27995  |4 070 
801 1 |a RU  |b 63413507  |c 20110616 
801 2 |a RU  |b 63413507  |c 20151201  |g RCR 
942 |c BK